000
00304 a2200121 4500
001
146899
040
_c
Escola São Tomás de Aquino
100
_a
MACHADO, Ana Maria
240
1
0
_a
O pescador e a Mãe-D'água
_l
por
245
1
0
_a
O pescador e a Mãe-D'água
697
_a
*LITERATURA INFANTO
942
_c
BK
999
_c
146899
_d
146899